[Event "Asia-chT rapid"]
[Site "Hong Kong"]
[Date "2024.08.22"]
[Round "4.35"]
[White "Lam, Chun Yung Samuel"]
[Black "Tan, Thong Evelyn"]
[Result "1-0"]
[WhiteElo "2058"]
[BlackElo "1667"]
[PlyCount "43"]
[EventDate "2024.08.22"]
[EventType "team-swiss (rapid)"]
[EventRounds "11"]
[EventCountry "HKG"]
[SourceTitle "CBM 221 Extra"]
[Source "ChessBase"]
[SourceDate "2024.09.30"]
[SourceVersion "1"]
[SourceVersionDate "2024.09.30"]
[SourceQuality "1"]
[WhiteTeam "The Rising Tide"]
[BlackTeam "Malaysia"]
[WhiteTeamCountry "HKG"]
[BlackTeamCountry "MAS"]

1. e4 c5 2. Nf3 g6 3. d4 cxd4 4. Nxd4 Bg7 5. c4 Nc6 6. Be3 d6 7. Nc3 Nf6 8. Be2 0-0 9. f3 Bd7 10. Qd2 Nxd4 11. Bxd4 Be6 12. 0-0-0 a6 13. h4 Rc8 14. h5 Nxh5 15. Bxg7 Kxg7 16. g4 Ng3 17. Qh6+ Kf6 18. g5+ Ke5 19. f4+ Kxf4 20. Qh4+ Bg4 21. Qxg4+ Ke5 22. Rd5# 1-0